Curso graduado de gramática española: curso superior

Saved in:
Bibliographic Details
Corporate Author: F. T. D (Author)
Format: Book
Language:Spanish
Published: Santiago FTD 1958
Edition:3a. ed
Subjects:
Tags: Add Tag
No Tags, Be the first to tag this record!

MARC

LEADER 00000cam a2200000 a 4500
001 UCE6376
003 CL-VaPUC
008 150409e19580000cl |||||||||||||||||spa|d
082 0 4 |a 465  |b FTD  |2 21 
110 2 |a F. T. D  |e author  |9 579039 
245 1 0 |a Curso graduado de gramática española: curso superior 
250 |a 3a. ed 
300 |a 407 p 
942 |c BK 
945 |d 20150409 10:07:00  |a dcastane 
260 |a Santiago  |b FTD  |c 1958 
650 0 |a Gramática española  |9 403055 
650 0 |a Lingüística  |9 265068 
650 0 |a Ortografía  |9 309144 
650 0 |a Expresión escrita  |9 334816 
583 |a last modification  |c 20150409 10:07:00  |k Rodrigo Vera 
999 |c 358708  |d 358706 
952 |0 0  |1 0  |3 erd  |4 0  |6 465_000000000000000_FTD_1958  |7 0  |8 X  |9 467581  |a FDOBUD  |b FDOBUD  |i 5157838  |o 465 FTD 1958  |p 5157838  |r 2019-11-23  |w 2019-11-23  |y BK_X  |z Catalogado en:20150409  |k BUD